Les 15 chansons les plus streamées de Michael Jackson sur Spotify - Statistiques

Statistiques générales
  • Ce quiz a été pris 205 fois
  • Le résultat moyen est 8 sur 15
Statistiques - réponses
Rang Chanson Nb de stream % Correct
1 Billie Jean 2,62 milliards
97%
4 Thriller 862 millions
95%
2 Beat It 1,68 milliard
94%
14 Bad 489 millions
81%
3 Smooth Criminal 1,06 milliard
74%
15 Black Or White 483 millions
51%
5 Rock With You 859 millions
51%
11 They Don't Care About Us 576 millions
51%
9 Chicago 606 millions
41%
6 Don't Stop 'Til You Get Enough 717 millions
39%
8 Man In The Mirror 608 millions
38%
10 P.Y.T 596 millions
36%
13 Remember The Time 524 millions
36%
7 The Way You Make Me Feel 712 millions
5%
12 Don't Matter To Me 575 millions
0%
Aucun quiz correspondant
Distribution des résultats
% des personnes avec chaque résultat
Percentile par nombre de réponses
Votre historique - résultats
Vous n’avez pas pris ce quiz